Long-range transport of sulphur dioxide: Mini-COSPEC observation in the Bohemian Forest and in Prague

Bibliographic Details
Main Authors: Fišar, Zdeněk, 1956- (Author), Binek, Bedřich, 1926- (Author), Fišarová, Andrea (Author)
Format: Article
Language:English
PhysicalDescription:Obr. 11, res. slov., lit. 6 zázn. v angl.
Subjects:

MARC

LEADER 00000nab a2200000 a 4500
001 vtls000475197
003 SK-MaSNL
005 20260318114833.0
008 230217c1992 xo 0 eng
015 |a SNBRB19rr/mm-uuuuu 
035 |a CL0475331 
035 |a urn:nbn:sk:snk-ab9xxm 
035 |a (urnnbn)urn:nbn:sk:snk:ar-a0940j 
035 |a (uuid)7dc08c45-8d0f-4ee8-9271-6521bea2a964 
040 |a SNKBUCL  |b slo  |c SNKBUCL  |e AACR2 
041 0 |a eng 
044 |a xo  |c SK 
080 |a 504.3.064.3:546.224-31  |2 1981 
080 |a 546.224-31  |2 1981 
100 1 |a Fišar, Zdeněk,  |d 1956-  |4 aut  |9 109332 
245 1 0 |a Long-range transport of sulphur dioxide: Mini-COSPEC observation in the Bohemian Forest and in Prague  |c Zdeněk Fišar, Bedřich Binek, Andrea Fišarová 
300 |b Obr. 11, res. slov., lit. 6 zázn. v angl. 
650 0 7 |a atmosféra  |2 snkbucl  |9 3639 
650 0 7 |a oxid siričitý  |2 snkbucl  |9 14947 
650 0 7 |a Mini-COSPEC (merací prístroj)  |2 snkbucl  |9 1616343 
655 7 |a články z novín a časopisov  |2 snkbucl  |9 267496 
700 1 |a Binek, Bedřich,  |d 1926-  |4 aut  |9 134176 
700 1 |a Fišarová, Andrea  |4 aut  |9 1616344 
773 0 |t Ekológia (ČSFR)  |g Roč. 11, č. 1 (1992), s. 89-97 
850 |a Slovenská národná knižnica v Martine  |a MTA001 
852 |a SNK  |b KIS3GCP 
958 |a NB 
958 |a RK 
958 |a CZ 
958 |a OND 
958 |a EUIPO 
958 |a article13 
992 |a RBX 
999 |c 3330213  |d 3332143